Vista normal Vista MARC

Entrada Meeting Name

Número de registros utilizados en: 1

001 - NÚMERO DE CONTROL

  • campo de control: 33017

003 - IDENTIFICADOR DEL NÚMERO DE CONTROL

  • campo de control: AR-BaFLA

005 - FECHA Y HORA DE LA ÚLTIMA TRANSACCIÓN

  • campo de control: 20191129151356.0

008 - DATOS DE LONGITUD FIJA

  • campo de control de longitud fija: 191129|| aca||aabn | a|a d

040 ## - FUENTE DE LA CATALOGACIÓN

  • Centro catalogador/agencia de origen: AR-BaFLA

111 ## - ENCABEZAMIENTO--NOMBRE DE CONGRESO/REUNIÓN

  • Nombre de congreso/reunión o jurisdicción como elemento de entrada: Seminario de Investigaciones La educación técnico profesional en la Ciudad Autónoma de Buenos Aires, 2º
  • Sede del congreso/Lugar de la reunión: Buenos Aires
  • Fecha del congreso o de la firma del tratado: sept. 2017

Redes

Horarios

  • Biblioteca "Enzo Faletto" - FLACSO Sede Académica Argentina: Lunes a viernes de 14 a 19 hs. Público interno y externo.

Con tecnología Koha